000 00660nam a2200253Ia 4500
003 OSt
005 20220918165305.0
006 a|||||r|||| 00| 0
007 ta
008 220917b |||||||| |||| 00| 0 eng d
020 _a185984085X (pbk)
024 _a157,578
037 _cTextual
040 _aARTS
_cARTS
_beng
041 _2eng
_aeng
082 _aV58y7M79, N5
100 _aMandel Ernest
245 0 _aTrotsky as alternative translated by Gus Fagan
260 _aLondon
_bVerso
_c1995
300 _avi, 186p.
_ccm.
650 _aHISTORY
942 _hV58y7M79, N5
_cTEXL
_2CC
999 _c129112
_d129112